书目信息 |
| 题名: |
毛泽东文集
|
|
| 作者: | 中共中央文献研究室 编 | |
| 分册: | 第八卷 | |
| 出版信息: | 北京 人民出版社 1999.06 |
|
| 页数: | 446页 | |
| 开本: | 32开 | |
| 丛书名: | ||
| 单 册: | ||
| 中图分类: | A41 | |
| 科图分类: | ||
| 主题词: | 毛泽东著作--选集 | |
| 电子资源: | ||
| ISBN: | 978-7-01-003028-9 | |
| 000 | 00559nam0 2200181 45 | |
| 001 | 2161828097 | |
| 005 | 20211215171110.21 | |
| 010 | @a978-7-01-003028-9@dCNY28.00 | |
| 100 | @a20000816d1999 km y0chiy0120 ea | |
| 101 | 0 | @achi |
| 200 | 1 | @a毛泽东文集@AMao Ze Dong Wen Ji@h第八卷@f中共中央文献研究室编@FZhong Gong Zhong Yang Wen Xian Yan Jiu Shi Bian |
| 210 | @a北京@c人民出版社@d1999.06 | |
| 215 | @a446页@d32开 | |
| 606 | 0 | @a毛泽东著作@x选集 |
| 690 | @aA41@v3 | |
| 701 | 0 | @a中共中央文献研究室@4编 |
| 801 | @aCN@bPftUser@c20000816 | |
| 905 | @aZUCC@dA41@eZ547:8 | |
| 毛泽东文集.第八卷/中共中央文献研究室编.-北京:人民出版社,1999.06 |
| 446页;32开 |
| ISBN 978-7-01-003028-9:CNY28.00 |
| ● |
| 相关链接 |
|
|
|
正题名:毛泽东文集
索取号:A41/Z547:8
 
预约/预借
| 序号 | 登录号 | 条形码 | 馆藏地/架位号 | 状态 | 备注 |
| 1 | 1507223 | 215072230 | 马克思主义学院资料室/ [索取号:A41/Z547:8] | 在馆 | |
| 2 | 1507224 | 215072249 | 马克思主义学院资料室/ [索取号:A41/Z547:8] | 在馆 | |
| 3 | 1507225 | 215072258 | 马克思主义学院资料室/ [索取号:A41/Z547:8] | 在馆 |